000 01261cad a22002295a 4500
001 E153181
008 110620s2011 xxk f l s000 0 eng d
035 _a(Sirsi) u153181
041 0 _aeng
110 2 _aScotland
_kLaws, etc
245 0 4 _aThe Tenancy Deposit Schemes (Scotland) Regulations 2011
_h[electronic resource]
260 _aEdinburgh
_bScottish Government
_c2011
490 0 _aScottish Statutory Instrument
_v2011: 176
520 _aThe Regulations clarify the procedure for approval of tenancy deposit schemes in Scotland, in support of the Scottish Government's aim to ensure that landlords in Scotland receiving a deposit in relation to a relevant tenancy participate in an approved tenancy deposit scheme and abide by its rules. The Regulations apply to those tenancies which are covered by the landlord registration provisions in the Antisocial Behaviour etc. (Scotland) Act 2004. Comes into force on 7 March 2011.
521 _aAdvanced
590 _aKA
650 2 4 _aTENANCY DEPOSIT SCHEMES (SCOTLAND) REGULATIONS 2011
651 4 _aScotland
_y1999-
690 _aPROPERTY-LANDLORD AND TENANT
856 4 0 _uhttps://www.legislation.gov.uk/ssi/2011/176/contents/made
_zView the SI free of charge at www.legislation.gov.uk
942 _n0
999 _c112411
_d112411